000 00526cam a2200205ua 4500
020 _c9.06
041 _aeng
_h
082 _a604.2
_bBIN/GE
100 _aBinns, H .
245 _aGeometrical drawing /
_cH.Binns.
_hTextual Documents
250 _a1 /
_b.
260 _aLondon :
_bThe English University Press Ltd ,
_c1962.
300 _a145 ; .
365 _a9.06
440 0 _aTechnical college series,
_v
_x;
490 0 _aTechnical college series,
_v
_x;
504 _a
942 _cBK
999 _c1849
_d1849